000 00528nam a2200181Ia 4500
005 20250326143159.0
008 250326s9999 xx 000 0 und d
037 _aTextbook
040 _aFMSL
_beng
_cFMSL
041 _aeng
_2eng
084 _aY48 P4
_qFMSL
100 _aHesselbein F
_9742690
245 0 _aBe-Know-Do : Leadership the army way
_cHesselbein F; Shinseki E K
260 _aSan Francisco
_bSan Francisco, Wiley Imprint
_c2004
300 _a171p
942 _cTB
_hY48 P4
999 _c1298477
_d1298477